000 00313nam a22001337a 4500
020 _a978-0-470-64372-3
041 _aENG
100 _aThedodre .L
245 _aHeat Transfer Applications For The Practing Engineer
260 _aNew Delhi
_bWiley
_c2011
300 _a643
650 _aAPE
856 _uAPE ( 3 )
999 _c2502
_d2502